Lúpáreň

Bibliographic Details
Main Author: Horecký, Ján, 1920-2006 (Author)
Format: Article
Language:Slovak
Subjects:

MARC

LEADER 00000nab a2200000 a 4500
001 vtls000273704
003 SK-MaSNL
005 20260304070935.0
008 250422c1986 xo 0 slo
015 |a SNBRB19rr/mm-uuuuu 
035 |a CL0283818 
035 |a urn:nbn:sk:snk-ab1nye 
035 |a (urnnbn)urn:nbn:sk:snk:ar-004o0r 
035 |a (uuid)f46e85b1-c424-42b0-8b0d-05e8259d132a 
040 |a SNKBUCL  |b slo  |c SNKBUCL  |e AACR2 
041 0 |a slo 
044 |a xo  |c SK 
080 |a 808.54-31  |2 1981 
100 1 |a Horecký, Ján,  |d 1920-2006  |4 aut  |9 105131 
245 1 0 |a Lúpáreň  |c Ján Horecký 
650 0 7 |a slovenčina  |2 snkbucl  |9 1350 
650 0 7 |a slovná zásoba  |2 snkbucl  |9 66837 
650 0 7 |a tvorenie slov  |2 snkbucl  |9 15995 
655 7 |a články z novín a časopisov  |2 snkbucl  |9 267496 
773 0 |t Kultúra slova  |g Roč. 20, č. 7 (1986), s. 255 
850 |a Slovenská národná knižnica 
852 |a Slovenská národná knižnica 
954 |a odborná, vedecká literatúra pôvodná (slovenská)  |2 lita 
958 |a article27 
958 |a OND 
958 |a RK 
958 |a EUIPO 
992 |a RBX 
999 |c 2758113  |d 2760043